Fnaf - Statistics

General Stats
  • This quiz has been taken 229 times
  • The average score is 10 of 15
Answer Stats
Hint Answer % Correct
Bear Freddy
99%
Bunny Bonnie
98%
Fox Foxy
98%
Chicken Chica
97%
Murderer Purple Guy
89%
Person on the phone Phone Guy
78%
Fnaf 1 guard Mike
76%
Bitten Child Crying Child
69%
Fnaf 2 guard Jeremy
68%
Fredbears pal Springbonnie
66%
Bite of 87 Fredbear
57%
Helps Souls Marionette
40%
Purple man is Springtrap
36%
Fnaf 3 guard Fritz
34%
Murdered Children are called Soul
30%
No matching quizzes found
Score Distribution
Percent of People with Each Score
Percentile by Number Answered
Your Score History
You have not taken this quiz